<?xml version="1.0" encoding="UTF-8"?>
<record
    xmlns:xsi="http://www.w3.org/2001/XMLSchema-instance"
    xsi:schemaLocation="http://www.loc.gov/MARC21/slim http://www.loc.gov/standards/marcxml/schema/MARC21slim.xsd"
    xmlns="http://www.loc.gov/MARC21/slim">

  <leader>00425nam a22001817a 4500</leader>
  <datafield tag="999" ind1=" " ind2=" ">
    <subfield code="c">11849</subfield>
    <subfield code="d">11849</subfield>
  </datafield>
  <controlfield tag="003">OSt</controlfield>
  <controlfield tag="008">230302b           ||||| |||| 00| 0 eng d</controlfield>
  <datafield tag="020" ind1=" " ind2=" ">
    <subfield code="a">9789327293876</subfield>
  </datafield>
  <datafield tag="082" ind1=" " ind2=" ">
    <subfield code="a">658.421 ARE</subfield>
  </datafield>
  <datafield tag="100" ind1=" " ind2=" ">
    <subfield code="a">ARORA, Renu</subfield>
  </datafield>
  <datafield tag="245" ind1=" " ind2=" ">
    <subfield code="a">Entrepreneurship Development</subfield>
  </datafield>
  <datafield tag="250" ind1=" " ind2=" ">
    <subfield code="a">1st ed.</subfield>
  </datafield>
  <datafield tag="260" ind1=" " ind2=" ">
    <subfield code="a">Ludhiana</subfield>
    <subfield code="b">Kalyani Publishers</subfield>
    <subfield code="c">2014</subfield>
  </datafield>
  <datafield tag="300" ind1=" " ind2=" ">
    <subfield code="a">MISC</subfield>
  </datafield>
  <datafield tag="650" ind1=" " ind2=" ">
    <subfield code="a">B.Com.</subfield>
  </datafield>
  <datafield tag="700" ind1=" " ind2=" ">
    <subfield code="a">SOOD, S.K.</subfield>
  </datafield>
  <datafield tag="942" ind1=" " ind2=" ">
    <subfield code="2">ddc</subfield>
    <subfield code="c">BK</subfield>
  </datafield>
  <datafield tag="952" ind1=" " ind2=" ">
    <subfield code="0">0</subfield>
    <subfield code="1">0</subfield>
    <subfield code="2">ddc</subfield>
    <subfield code="4">0</subfield>
    <subfield code="7">0</subfield>
    <subfield code="8">BCOM</subfield>
    <subfield code="a">PIETNCR</subfield>
    <subfield code="b">PIETNCR</subfield>
    <subfield code="d">2023-02-16</subfield>
    <subfield code="e">International Book Centre</subfield>
    <subfield code="f">In Rupees</subfield>
    <subfield code="g">225.00</subfield>
    <subfield code="k">IB/IN/1152</subfield>
    <subfield code="l">0</subfield>
    <subfield code="o">658.421 ARE</subfield>
    <subfield code="p">N3362</subfield>
    <subfield code="r">2023-03-02 00:00:00</subfield>
    <subfield code="v">184.50</subfield>
    <subfield code="w">2023-02-16</subfield>
    <subfield code="y">REF</subfield>
  </datafield>
  <datafield tag="952" ind1=" " ind2=" ">
    <subfield code="0">0</subfield>
    <subfield code="1">0</subfield>
    <subfield code="2">ddc</subfield>
    <subfield code="4">0</subfield>
    <subfield code="7">0</subfield>
    <subfield code="8">BCOM</subfield>
    <subfield code="a">PIETNCR</subfield>
    <subfield code="b">PIETNCR</subfield>
    <subfield code="d">2023-02-16</subfield>
    <subfield code="e">International Book Centre</subfield>
    <subfield code="f">In Rupees</subfield>
    <subfield code="g">225.00</subfield>
    <subfield code="k">IB/IN/1152</subfield>
    <subfield code="l">5</subfield>
    <subfield code="o">658.421 ARE</subfield>
    <subfield code="p">N3363</subfield>
    <subfield code="r">2026-01-30 00:00:00</subfield>
    <subfield code="s">2026-01-21</subfield>
    <subfield code="v">184.50</subfield>
    <subfield code="w">2023-02-16</subfield>
    <subfield code="y">BK</subfield>
  </datafield>
  <datafield tag="952" ind1=" " ind2=" ">
    <subfield code="0">0</subfield>
    <subfield code="1">0</subfield>
    <subfield code="2">ddc</subfield>
    <subfield code="4">0</subfield>
    <subfield code="7">0</subfield>
    <subfield code="8">BCOM</subfield>
    <subfield code="a">PIETNCR</subfield>
    <subfield code="b">PIETNCR</subfield>
    <subfield code="d">2023-02-16</subfield>
    <subfield code="e">International Book Centre</subfield>
    <subfield code="f">In Rupees</subfield>
    <subfield code="g">225.00</subfield>
    <subfield code="k">IB/IN/1152</subfield>
    <subfield code="l">1</subfield>
    <subfield code="o">658.421 ARE</subfield>
    <subfield code="p">N3364</subfield>
    <subfield code="r">2026-03-18 00:00:00</subfield>
    <subfield code="s">2026-03-05</subfield>
    <subfield code="v">184.50</subfield>
    <subfield code="w">2023-02-16</subfield>
    <subfield code="y">BK</subfield>
  </datafield>
  <datafield tag="952" ind1=" " ind2=" ">
    <subfield code="0">0</subfield>
    <subfield code="1">0</subfield>
    <subfield code="2">ddc</subfield>
    <subfield code="4">0</subfield>
    <subfield code="7">0</subfield>
    <subfield code="8">BCOM</subfield>
    <subfield code="a">PIETNCR</subfield>
    <subfield code="b">PIETNCR</subfield>
    <subfield code="d">2023-02-16</subfield>
    <subfield code="e">International Book Centre</subfield>
    <subfield code="f">In Rupees</subfield>
    <subfield code="g">225.00</subfield>
    <subfield code="k">IB/IN/1152</subfield>
    <subfield code="l">2</subfield>
    <subfield code="o">658.421 ARE</subfield>
    <subfield code="p">N3365</subfield>
    <subfield code="r">2025-05-30 00:00:00</subfield>
    <subfield code="s">2025-04-25</subfield>
    <subfield code="v">184.50</subfield>
    <subfield code="w">2023-02-16</subfield>
    <subfield code="y">BK</subfield>
  </datafield>
  <datafield tag="952" ind1=" " ind2=" ">
    <subfield code="0">0</subfield>
    <subfield code="1">0</subfield>
    <subfield code="2">ddc</subfield>
    <subfield code="4">0</subfield>
    <subfield code="7">0</subfield>
    <subfield code="8">BCOM</subfield>
    <subfield code="a">PIETNCR</subfield>
    <subfield code="b">PIETNCR</subfield>
    <subfield code="d">2023-02-16</subfield>
    <subfield code="e">International Book Centre</subfield>
    <subfield code="f">In Rupees</subfield>
    <subfield code="g">225.00</subfield>
    <subfield code="k">IB/IN/1152</subfield>
    <subfield code="l">1</subfield>
    <subfield code="o">658.421 ARE</subfield>
    <subfield code="p">N3366</subfield>
    <subfield code="r">2026-01-20 00:00:00</subfield>
    <subfield code="s">2025-03-25</subfield>
    <subfield code="v">184.50</subfield>
    <subfield code="w">2023-02-16</subfield>
    <subfield code="y">BK</subfield>
  </datafield>
  <datafield tag="952" ind1=" " ind2=" ">
    <subfield code="0">0</subfield>
    <subfield code="1">0</subfield>
    <subfield code="2">ddc</subfield>
    <subfield code="4">0</subfield>
    <subfield code="7">0</subfield>
    <subfield code="8">BCOM</subfield>
    <subfield code="a">PIETNCR</subfield>
    <subfield code="b">PIETNCR</subfield>
    <subfield code="d">2023-02-16</subfield>
    <subfield code="e">International Book Centre</subfield>
    <subfield code="f">In Rupees</subfield>
    <subfield code="g">225.00</subfield>
    <subfield code="k">IB/IN/1152</subfield>
    <subfield code="l">2</subfield>
    <subfield code="o">658.421 ARE</subfield>
    <subfield code="p">N3367</subfield>
    <subfield code="r">2025-04-17 00:00:00</subfield>
    <subfield code="s">2025-03-28</subfield>
    <subfield code="v">184.50</subfield>
    <subfield code="w">2023-02-16</subfield>
    <subfield code="y">BK</subfield>
  </datafield>
  <datafield tag="952" ind1=" " ind2=" ">
    <subfield code="0">0</subfield>
    <subfield code="1">0</subfield>
    <subfield code="2">ddc</subfield>
    <subfield code="4">0</subfield>
    <subfield code="7">0</subfield>
    <subfield code="8">BCOM</subfield>
    <subfield code="a">PIETNCR</subfield>
    <subfield code="b">PIETNCR</subfield>
    <subfield code="d">2023-02-16</subfield>
    <subfield code="e">International Book Centre</subfield>
    <subfield code="f">In Rupees</subfield>
    <subfield code="g">225.00</subfield>
    <subfield code="k">IB/IN/1152</subfield>
    <subfield code="l">0</subfield>
    <subfield code="o">658.421 ARE</subfield>
    <subfield code="p">N3368</subfield>
    <subfield code="r">2023-03-02 00:00:00</subfield>
    <subfield code="v">184.50</subfield>
    <subfield code="w">2023-02-16</subfield>
    <subfield code="y">BK</subfield>
  </datafield>
  <datafield tag="952" ind1=" " ind2=" ">
    <subfield code="0">0</subfield>
    <subfield code="1">0</subfield>
    <subfield code="2">ddc</subfield>
    <subfield code="4">0</subfield>
    <subfield code="7">0</subfield>
    <subfield code="8">BCOM</subfield>
    <subfield code="a">PIETNCR</subfield>
    <subfield code="b">PIETNCR</subfield>
    <subfield code="d">2023-02-16</subfield>
    <subfield code="e">International Book Centre</subfield>
    <subfield code="f">In Rupees</subfield>
    <subfield code="g">225.00</subfield>
    <subfield code="k">IB/IN/1152</subfield>
    <subfield code="l">6</subfield>
    <subfield code="o">658.421 ARE</subfield>
    <subfield code="p">N3369</subfield>
    <subfield code="r">2026-04-22 10:02:31</subfield>
    <subfield code="s">2026-04-01</subfield>
    <subfield code="v">184.50</subfield>
    <subfield code="w">2023-02-16</subfield>
    <subfield code="y">BK</subfield>
  </datafield>
  <datafield tag="952" ind1=" " ind2=" ">
    <subfield code="0">0</subfield>
    <subfield code="1">0</subfield>
    <subfield code="2">ddc</subfield>
    <subfield code="4">0</subfield>
    <subfield code="7">0</subfield>
    <subfield code="8">BCOM</subfield>
    <subfield code="a">PIETNCR</subfield>
    <subfield code="b">PIETNCR</subfield>
    <subfield code="d">2023-02-16</subfield>
    <subfield code="e">International Book Centre</subfield>
    <subfield code="f">In Rupees</subfield>
    <subfield code="g">225.00</subfield>
    <subfield code="k">IB/IN/1152</subfield>
    <subfield code="l">0</subfield>
    <subfield code="o">658.421 ARE</subfield>
    <subfield code="p">N3370</subfield>
    <subfield code="r">2023-03-02 00:00:00</subfield>
    <subfield code="v">184.50</subfield>
    <subfield code="w">2023-02-16</subfield>
    <subfield code="y">BK</subfield>
  </datafield>
  <datafield tag="952" ind1=" " ind2=" ">
    <subfield code="0">0</subfield>
    <subfield code="1">0</subfield>
    <subfield code="2">ddc</subfield>
    <subfield code="4">0</subfield>
    <subfield code="7">0</subfield>
    <subfield code="8">BCOM</subfield>
    <subfield code="a">PIETNCR</subfield>
    <subfield code="b">PIETNCR</subfield>
    <subfield code="d">2023-02-16</subfield>
    <subfield code="e">International Book Centre</subfield>
    <subfield code="f">In Rupees</subfield>
    <subfield code="g">225.00</subfield>
    <subfield code="k">IB/IN/1152</subfield>
    <subfield code="l">3</subfield>
    <subfield code="o">658.421 ARE</subfield>
    <subfield code="p">N3371</subfield>
    <subfield code="r">2026-02-19 00:00:00</subfield>
    <subfield code="s">2026-02-18</subfield>
    <subfield code="v">184.50</subfield>
    <subfield code="w">2023-02-16</subfield>
    <subfield code="y">BK</subfield>
  </datafield>
</record>
